[Event "Stockerau-Open 2010 C-Turnier"]
[Site "Veranstaltungszentrum Z2000 -"]
[Date "2010.05.14"]
[Round "3"]
[White "Sauer, Thomas"]
[Black "Grabenweger, Wolfgang"]
[Result "1-0"]
[WhiteElo "1403"]
[BlackElo "1506"]
[PlyCount "135"]
[EventDate "2010.05.13"]

1. e4 e6 2. d4 d5 3. exd5 exd5 4. Nf3 Nc6 5. Bb5 Bd7 6. O-O Be7 7. Re1 a6 8.
Ba4 b5 9. Bb3 Be6 10. c3 Nf6 11. Nbd2 O-O 12. h3 h6 13. Nf1 Qc8 14. N3h2 Bd6
15. Qf3 Qd7 16. Bc2 Rae8 17. Bxh6 Be7 18. Bd2 Bd6 19. Ng3 Ne7 20. Nh5 Nxh5 21.
Qxh5 f5 22. f4 Rf6 23. Qf3 Ng6 24. Rf1 Nh4 25. Qf2 Rh6 26. g3 Ng6 27. h4 Qf7
28. Nf3 Nh8 29. Ng5 Qg6 30. Rae1 Nf7 31. Rxe6 Rxe6 32. Nxe6 Qxe6 33. Re1 Qc8
34. Qe3 Kf8 35. Bxf5 Qd8 36. Kf2 Nh8 37. Bc2 Ng6 38. Bxg6 Rxg6 39. Qd3 Rf6 40.
Kg2 c5 41. Qh7 Rh6 42. Qf5+ Rf6 43. Qxd5 cxd4 44. Qxd4 Qa8+ 45. Qe4 Qxe4+ 46.
Rxe4 Kf7 47. Kf3 Kg6 48. a4 bxa4 49. Rxa4 Bc7 50. Rc4 Bb6 51. Be3 Bxe3 52. Kxe3
Re6+ 53. Kf3 a5 54. g4 Rb6 55. h5+ Kh6 56. Ra4 Rxb2 57. Rxa5 Rb6 58. Rc5 Rd6
59. Ke4 Re6+ 60. Re5 Rc6 61. Kd4 Rd6+ 62. Rd5 Re6 63. c4 Re1 64. Kc5 Rg1 65.
Rd6+ Kh7 66. Rg6 Rf1 67. f5 Rf4 68. Kd5 1-0

[Event "Stockerau-Open 2010 C-Turnier"]
[Site "Veranstaltungszentrum Z2000 -"]
[Date "2010.05.14"]
[Round "3"]
[White "Schlager, Florian"]
[Black "Wolf, Gerhard"]
[Result "0-1"]
[WhiteElo "1314"]
[BlackElo "1491"]
[PlyCount "116"]
[EventDate "2010.05.13"]

1. d4 d5 2. Nc3 e6 3. a3 c5 4. e3 Nc6 5. dxc5 Bxc5 6. b4 Be7 7. b5 Na5 8. Nf3
Bf6 9. Bb2 Qc7 10. Qd2 Nc4 11. Bxc4 Qxc4 12. Qd3 Qxd3 13. cxd3 Bd7 14. a4 Rc8
15. d4 Ne7 16. e4 Ng6 17. exd5 e5 18. Ne4 Rc2 19. Nxf6+ gxf6 20. Bc1 e4 21. Nd2
Nf4 22. O-O Ne2+ 23. Kh1 Nxc1 24. Raxc1 Rxd2 25. Rcd1 Rxd1 26. Rxd1 O-O 27. h3
f5 28. Rc1 Rc8 29. Rc5 b6 30. Rxc8+ Bxc8 31. f3 exf3 32. gxf3 Kf8 33. f4 Ke7
34. Kg1 Bb7 35. Kf2 Bxd5 36. Kg3 Bb3 37. Kh4 Kf6 38. Kh5 Bxa4 39. Kh6 Bxb5 40.
Kxh7 a5 41. h4 a4 42. h5 a3 43. h6 a2 44. d5 a1=Q 45. d6 Qg1 46. d7 Bxd7 47.
Kh8 Qh2 48. h7 Qxh7+ 49. Kxh7 b5 50. Kg8 b4 51. Kh7 b3 52. Kh6 b2 53. Kh5 b1=Q
54. Kh4 Qg1 55. Kh3 Qg4+ 56. Kh2 Bb5 57. Kh1 Bf1 58. Kh2 Qg2# 0-1

[Event "Stockerau-Open 2010 C-Turnier"]
[Site "Veranstaltungszentrum Z2000 -"]
[Date "2010.05.14"]
[Round "3"]
[White "Gruberbauer, Richard"]
[Black "Froehlich, Karl"]
[Result "0-1"]
[WhiteElo "1301"]
[BlackElo "1435"]
[PlyCount "72"]
[EventDate "2010.05.13"]

1. e4 c5 2. Nf3 Nc6 3. d4 cxd4 4. Nxd4 Nxd4 5. Qxd4 a6 6. Bc4 b5 7. Qd5 bxc4 8.
Qxa8 Nf6 9. Nc3 e6 10. O-O Be7 11. Bf4 O-O 12. Rad1 Qb6 13. Qb8 Bb7 14. Qc7
Qxb2 15. Rb1 Qxc3 16. Rxb7 Qxc2 17. Rb8 g6 18. Bh6 Ne8 19. Qxd7 Ng7 20. Rxf8+
Bxf8 21. Bxg7 Kxg7 22. Qd4+ Kg8 23. a3 Bxa3 24. Qa1 Qb2 25. Qxb2 Bxb2 26. Rb1
c3 27. Kf1 a5 28. Ke2 a4 29. Kd1 a3 30. Kc2 a2 31. Rxb2 a1=Q 32. Kxc3 Qg1 33.
Kd4 Qxg2 34. h4 Qg4 35. Ke5 Qxh4 36. f4 Kg7 0-1

[Event "Stockerau-Open 2010 C-Turnier"]
[Site "Veranstaltungszentrum Z2000 -"]
[Date "2010.05.14"]
[Round "3"]
[White "Schlager, Friedrich"]
[Black "Weiss, Arnold"]
[Result "0-1"]
[WhiteElo "1200"]
[BlackElo "1396"]
[PlyCount "96"]
[EventDate "2010.05.13"]

1. d4 Nf6 2. Nf3 d6 3. Nc3 g6 4. h3 Bg7 5. e3 O-O 6. Bd3 c5 7. Ne4 Qa5+ 8. Bd2
Qb6 9. O-O Nxe4 10. Bxe4 cxd4 11. Nxd4 Bxd4 12. exd4 Qxd4 13. Bf3 Nc6 14. Qe2
Re8 15. Bc3 Qb6 16. Qd2 Bf5 17. Bxc6 Qxc6 18. Rfe1 Rad8 19. g4 Be4 20. Qd4 e5
21. Qd2 Bh1 22. f3 Bxf3 23. Rf1 Rf8 24. Rf2 f5 25. Qg5 f4 26. Re1 Rd7 27. h4
Rg7 28. Ref1 Be4 29. b3 Qxc3 30. Rd1 Qc6 31. Rfd2 Bf3 32. Re1 Qc5+ 33. Rf2 Bd5
34. Kf1 f3 35. Qd2 e4 36. Re3 Bc6 37. b4 Qb5+ 38. Ke1 Re7 39. a3 d5 40. Qd4
Ref7 41. Qxa7 Ra8 42. Qd4 Qc4 43. Qe5 d4 44. Rxe4 Bxe4 45. Qg5 Re8 46. h5 Bxc2+
47. Kd2 Qc3+ 48. Kc1 Re1# 0-1

[Event "Stockerau-Open 2010 C-Turnier"]
[Site "Veranstaltungszentrum Z2000 -"]
[Date "2010.05.14"]
[Round "3"]
[White "Van, Baaren Matthias"]
[Black "Blauensteiner, Christian"]
[Result "1-0"]
[WhiteElo "1200"]
[BlackElo "1310"]
[PlyCount "31"]
[EventDate "2010.05.13"]

1. d4 d5 2. c4 e6 3. Nc3 Nf6 4. Nf3 c5 5. Bg5 Nc6 6. e3 Be7 7. cxd5 Nxd5 8.
Bxe7 Qxe7 9. Bb5 O-O 10. a3 a6 11. Ba4 b5 12. Bc2 Nxc3 13. bxc3 cxd4 14. cxd4
b4 15. Qd3 a5 16. Qxh7# 1-0

[Event "Stockerau-Open 2010 C-Turnier"]
[Site "Veranstaltungszentrum Z2000 -"]
[Date "2010.05.15"]
[Round "4"]
[White "Gockner, Hans"]
[Black "Infuehr, Jakob"]
[Result "0-1"]
[WhiteElo "1582"]
[BlackElo "1567"]
[PlyCount "136"]
[EventDate "2010.05.13"]

1. e4 e5 2. Nf3 Nf6 3. Nxe5 d6 4. Nf3 Nxe4 5. d3 Nf6 6. Be2 Be7 7. O-O O-O 8.
Bg5 h6 9. Be3 c5 10. c4 Nc6 11. h3 d5 12. cxd5 Nxd5 13. Bd2 Bf6 14. Nc3 Nxc3
15. bxc3 b6 16. Rb1 Bb7 17. Qc1 Ne5 18. Nxe5 Bxe5 19. Be3 Rc8 20. Bg4 f5 21.
Bh5 f4 22. Bg4 Qg5 23. Bd2 h5 24. Be6+ Kh8 25. f3 Rcd8 26. Bc4 Rf6 27. Qd1 Bc8
28. Kh1 Rfd6 29. Qe2 Qf6 30. Rbc1 Bf5 31. Rfd1 Bxd3 32. Bxd3 Rxd3 33. Be1 Rxd1
34. Rxd1 Rxd1 35. Qxd1 Bxc3 36. Bxc3 Qxc3 37. Qe2 Qe3 38. Qa6 Qc1+ 39. Kh2 c4
40. Qxa7 Qe3 41. Qf7 Qc5 42. Qe8+ Kh7 43. Qe4+ g6 44. Qb7+ Kh6 45. h4 Qd4 46.
Qc8 c3 47. Qf8+ Kh7 48. Qf7+ Qg7 49. Qb3 Qc7 50. Qc2 Qc4 51. Kh3 Qd4 52. Kh2
Qd2 53. Qe4 Qe3 54. Qa8 c2 55. Qf8 Qc5 56. Qf7+ Kh8 57. Qxg6 c1=Q 58. Qh6+ Kg8
59. Qg6+ Kf8 60. Qf6+ Ke8 61. Qh8+ Kd7 62. Qg7+ Kc6 63. Qg6+ Kb5 64. Qe8+ Kb4
65. a3+ Kxa3 66. Qa8+ Qa5 67. Qf8+ Qcc5 68. Qxf4 Qe5 0-1

[Event "Stockerau-Open 2010 C-Turnier"]
[Site "Veranstaltungszentrum Z2000 -"]
[Date "2010.05.15"]
[Round "4"]
[White "Krueckel, Franz"]
[Black "Girnt, Karoly"]
[Result "1-0"]
[WhiteElo "1505"]
[BlackElo "1515"]
[PlyCount "62"]
[EventDate "2010.05.13"]

1. d4 Nf6 2. c4 c5 3. Nf3 g6 4. e3 Bg7 5. Bd2 Ne4 6. Nc3 Nxd2 7. Qxd2 cxd4 8.
exd4 O-O 9. Be2 d6 10. O-O a6 11. h3 Nd7 12. Rfe1 Re8 13. Bf1 e5 14. d5 Nc5 15.
Ne4 Nxe4 16. Rxe4 f5 17. Re2 Bd7 18. Rd1 h6 19. Qb4 Qc7 20. Re3 b6 21. Nh4 Kh7
22. Rb3 Rab8 23. Be2 a5 24. Qd2 Ba4 25. Rg3 Bxd1 26. Qxd1 g5 27. Nxf5 Rf8 28.
Bd3 Kg8 29. h4 Rf6 30. Qc2 Kf8 31. hxg5 Rg6 1-0

[Event "Stockerau-Open 2010 C-Turnier"]
[Site "Veranstaltungszentrum Z2000 -"]
[Date "2010.05.15"]
[Round "4"]
[White "Strassmair, Christian"]
[Black "Sauer, Thomas"]
[Result "1-0"]
[WhiteElo "1501"]
[BlackElo "1403"]
[PlyCount "73"]
[EventDate "2010.05.13"]

1. d4 d5 2. Nf3 Nf6 3. Bf4 e6 4. e3 Nbd7 5. c4 c5 6. Nc3 Be7 7. Nb5 Qa5+ 8. Nd2
O-O 9. Nc7 Nb6 10. Nxa8 Nxa8 11. g3 a6 12. dxc5 Qxc5 13. b4 Qd6 14. c5 Qc6 15.
Nf3 Nc7 16. Bd3 Nb5 17. Qc2 Rd8 18. a4 Na7 19. O-O b5 20. axb5 Nxb5 21. Be5 Bb7
22. Nd4 Nxd4 23. exd4 Rc8 24. Qa4 Qxa4 25. Rxa4 Ra8 26. Rfa1 Nd7 27. Bxa6 Bc6
28. b5 Nxe5 29. dxe5 Be8 30. c6 Bd8 31. Bb7 Rb8 32. Ra8 Bc7 33. Rxb8 Bxb8 34.
Ra8 f5 35. Rxb8 Kf7 36. Rxe8 Kxe8 37. c7 1-0

[Event "Stockerau-Open 2010 C-Turnier"]
[Site "Veranstaltungszentrum Z2000 -"]
[Date "2010.05.15"]
[Round "4"]
[White "Molnar, Bertalan"]
[Black "Schmied, Josef"]
[Result "1/2-1/2"]
[WhiteElo "1353"]
[BlackElo "1495"]
[PlyCount "40"]
[EventDate "2010.05.13"]

1. d3 e5 2. g3 Nf6 3. Bg2 Bc5 4. Nf3 d6 5. O-O a6 6. c3 Nc6 7. Nbd2 O-O 8. Qc2
h6 9. e4 g6 10. Nb3 Re8 11. Bd2 Bd7 12. Rae1 Qc8 13. Nh4 Bh3 14. a3 Be6 15. Kh1
Ne7 16. d4 Bxb3 17. Qxb3 exd4 18. cxd4 Bxd4 19. e5 dxe5 20. Nf3 Nc6 1/2-1/2

[Event "Stockerau-Open 2010 C-Turnier"]
[Site "Veranstaltungszentrum Z2000 -"]
[Date "2010.05.15"]
[Round "4"]
[White "Wolf, Gerhard"]
[Black "Nutz, Helmut"]
[Result "0-1"]
[WhiteElo "1491"]
[BlackElo "1393"]
[PlyCount "154"]
[EventDate "2010.05.13"]

1. Nf3 Nf6 2. c4 c5 3. Nc3 Nc6 4. g3 g6 5. Bg2 Bg7 6. d3 O-O 7. O-O a6 8. Bg5
d6 9. Qc1 Rb8 10. Bh6 b5 11. Bxg7 Kxg7 12. Ng5 Nd4 13. e3 Ne6 14. Nge4 b4 15.
Nxf6 bxc3 16. Nd5 cxb2 17. Qc3+ f6 18. Rab1 Nc7 19. Rxb2 Nxd5 20. Bxd5 Rxb2 21.
Qxb2 Qc7 22. Bf3 Bf5 23. e4 Rb8 24. Qc3 Be6 25. Rc1 Qb6 26. Bd1 Qb2 27. Bb3 Qa3
28. Kg2 a5 29. Qd2 Rb4 30. f4 a4 31. Bd1 Rb2 32. Rc2 Rxc2 33. Qxc2 Bd7 34. Qb1
Qc3 35. Qc2 Qb4 36. h3 a3 37. Qb3 Qd2+ 38. Kg1 Bxh3 39. Qc2 Qe3+ 40. Kh2 Bd7
41. Qe2 Qd4 42. Kg2 h5 43. Qf1 Bg4 44. Bxg4 hxg4 45. Qe2 Qb2 46. Kf2 Qd4+ 47.
Kg2 Qb2 48. Kf2 e5 49. fxe5 dxe5 50. Ke3 f5 51. Kf2 Kf6 52. Ke3 f4+ 53. gxf4
exf4+ 54. Kf2 Ke5 55. Ke1 Qa1+ 56. Qd1 Qxa2 57. Qxg4 Qb1+ 58. Ke2 Qc2+ 59. Ke1
Qc1+ 60. Kf2 Qe3+ 61. Kf1 Qxd3+ 62. Ke1 Qxe4+ 63. Kd1 Qb1+ 64. Kd2 Qa2+ 65. Ke1
Qb1+ 66. Kd2 Qb2+ 67. Kd1 Qd4+ 68. Ke1 Qc3+ 69. Kd1 Qd3+ 70. Kc1 Qxc4+ 71. Kd1
Qd4+ 72. Kc2 Qe4+ 73. Kc1 a2 74. Qg5+ Qf5 75. Qe7+ Kd4 76. Qd6+ Ke4 77. Qc6+
Ke3 0-1

[Event "Stockerau-Open 2010 C-Turnier"]
[Site "Veranstaltungszentrum Z2000 -"]
[Date "2010.05.15"]
[Round "4"]
[White "Reiter, Theresia"]
[Black "Engelke, Tobias"]
[Result "0-1"]
[WhiteElo "1264"]
[BlackElo "1446"]
[PlyCount "84"]
[EventDate "2010.05.13"]

1. e4 e5 2. Nf3 Nc6 3. Bb5 Nf6 4. d3 d6 5. O-O Be7 6. h3 Bd7 7. Nc3 a6 8. Bxc6
Bxc6 9. Re1 O-O 10. d4 exd4 11. Qxd4 Nd7 12. Bf4 Bf6 13. e5 dxe5 14. Nxe5 Nxe5
15. Qxd8 Nf3+ 16. gxf3 Raxd8 17. Re3 Rd2 18. Rc1 Bh4 19. Bg3 Bg5 20. f4 Bf6 21.
b3 Bd4 22. Rd3 Rxd3 23. cxd3 f5 24. Ne2 Bf6 25. Rc2 Re8 26. Kf1 Rd8 27. Rd2 Bb5
28. Nc1 Bc3 29. Rd1 Bb2 30. a4 Bc6 31. Ke2 Bd5 32. b4 Bc3 33. b5 axb5 34. axb5
Re8+ 35. Kf1 Ra8 36. Ke2 Ra1 37. f3 Rb1 38. Be1 Bxe1 39. Rxe1 Rxb5 40. Ke3 Kf7
41. d4 Rb2 42. Ne2 Rb3+ 0-1

[Event "Stockerau-Open 2010 C-Turnier"]
[Site "Veranstaltungszentrum Z2000 -"]
[Date "2010.05.15"]
[Round "4"]
[White "Schmied, Kurt"]
[Black "Froehlich, Karl"]
[Result "1-0"]
[WhiteElo "1548"]
[BlackElo "1435"]
[PlyCount "87"]
[EventDate "2010.05.13"]

1. f4 e6 2. Nf3 Nc6 3. g3 Nf6 4. Bg2 d5 5. O-O Bc5+ 6. d4 Bd6 7. Re1 Ne4 8. c3
f5 9. Nbd2 h6 10. e3 Qf6 11. Ne5 Bxe5 12. Nxe4 dxe4 13. fxe5 Qf7 14. Rf1 Qg6
15. Rf4 b6 16. Bf1 Bb7 17. Be2 O-O-O 18. a4 Ne7 19. c4 c5 20. Bh5 Qh7 21. Bf7
Kb8 22. Bxe6 cxd4 23. exd4 g5 24. Rf2 Qg6 25. d5 f4 26. gxf4 gxf4+ 27. Qg4
Qxg4+ 28. Bxg4 Rdg8 29. Rg2 h5 30. Be6 Rxg2+ 31. Kxg2 f3+ 32. Kf2 Rf8 33. Be3
Bc8 34. Bxc8 Kxc8 35. Rg1 Nf5 36. b4 Rf7 37. e6 Rg7 38. Rxg7 Nxg7 39. c5 Kb7
40. c6+ Kc7 41. Bf4+ Kc8 42. b5 h4 43. e7 h3 44. d6 1-0

[Event "Stockerau-Open 2010 C-Turnier"]
[Site "Veranstaltungszentrum Z2000 -"]
[Date "2010.05.15"]
[Round "4"]
[White "Kuntner, Rudolf"]
[Black "Van, Baaren Matthias"]
[Result "1-0"]
[WhiteElo "1528"]
[BlackElo "1200"]
[PlyCount "127"]
[EventDate "2010.05.13"]

1. d4 d5 2. Nf3 c6 3. Bf4 Bf5 4. e3 e6 5. Be2 Nf6 6. O-O Be7 7. Nbd2 Nbd7 8. c4
O-O 9. c5 b6 10. b4 a5 11. b5 cxb5 12. c6 e5 13. dxe5 Nxe5 14. Nxe5 Bc5 15.
Bxb5 d4 16. Nb3 d3 17. g4 Be4 18. Nxc5 bxc5 19. Nd7 Nxd7 20. cxd7 Qb6 21. Rb1
Qb7 22. Bxd3 Qd5 23. Bxe4 Qxe4 24. Bd6 Rfd8 25. Bxc5 Qc6 26. Qd3 Qxd7 27. Qxd7
Rxd7 28. Rfd1 Rc7 29. Rd5 a4 30. Rbd1 Rac8 31. Bb6 h6 32. Rd8+ Kh7 33. Rxc8
Rxc8 34. Rd7 Kg6 35. Kg2 Rc2 36. h4 Rxa2 37. Bd8 f6 38. Be7 h5 39. Bf8 hxg4 40.
Rxg7+ Kf5 41. h5 g3 42. Kxg3 Ra1 43. Kg2 a3 44. Bxa3 Rxa3 45. h6 Ra8 46. h7 Rh8
47. f3 Ke6 48. Kg3 f5 49. Kf4 Kf6 50. Ra7 Kg6 51. Re7 Rxh7 52. Rxh7 Kxh7 53.
Kxf5 Kg7 54. Kg5 Kf7 55. f4 Kg7 56. e4 Kf7 57. e5 Kg7 58. f5 Kf7 59. Kh6 Kg8
60. e6 Kf8 61. f6 Kg8 62. Kg6 Kf8 63. e7+ Ke8 64. Kg7 1-0

[Event "Stockerau-Open 2010 C-Turnier"]
[Site "Veranstaltungszentrum Z2000 -"]
[Date "2010.05.15"]
[Round "4"]
[White "Blauensteiner, Christian"]
[Black "Gruberbauer, Richard"]
[Result "0-1"]
[WhiteElo "1310"]
[BlackElo "1301"]
[PlyCount "98"]
[EventDate "2010.05.13"]

1. e4 c5 2. Bc4 Nc6 3. Nf3 g6 4. O-O Bg7 5. Nc3 e5 6. Nd5 d6 7. h3 Be6 8. d3 h6
9. c3 a6 10. b4 Nge7 11. bxc5 dxc5 12. Rb1 b5 13. Bb3 Na5 14. Bc2 Nxd5 15. exd5
Bxd5 16. Be3 Qe7 17. a4 b4 18. cxb4 cxb4 19. Re1 Nc6 20. Bb3 Rd8 21. d4 e4 22.
Ne5 Nxe5 23. dxe5 Bxb3 24. Qxb3 a5 25. f4 exf3 26. gxf3 Bxe5 27. Bb6 Ra8 28. f4
O-O 29. Rxe5 Qf6 30. Rf1 Qxb6+ 31. Kh2 Rac8 32. f5 g5 33. h4 Qd4 34. Re3 Qd2+
35. Kh1 Rfe8 36. Rg3 Re1 37. Rxe1 Qxe1+ 38. Rg1 Qxh4+ 39. Kg2 Qe4+ 40. Kh2 Rc2+
41. Qxc2 Qxc2+ 42. Kg3 Qd3+ 43. Kg2 b3 44. Rf1 Qxf1+ 45. Kxf1 b2 46. f6 b1=Q+
47. Ke2 h5 48. Kf3 Qb4 49. Kg3 Qxa4 0-1

[Event "Stockerau-Open 2010 C-Turnier"]
[Site "Veranstaltungszentrum Z2000 -"]
[Date "2010.05.16"]
[Round "5"]
[White "Infuehr, Jakob"]
[Black "Krueckel, Franz"]
[Result "1-0"]
[WhiteElo "1567"]
[BlackElo "1505"]
[PlyCount "77"]
[EventDate "2010.05.13"]

1. e4 e6 2. d4 c5 3. c3 b6 4. Bf4 d6 5. Nd2 Nc6 6. Ngf3 Be7 7. a3 Nf6 8. b4 O-O
9. Bd3 Bb7 10. O-O h6 11. Re1 Nh5 12. Be3 Nf6 13. Nb3 cxd4 14. cxd4 Nh7 15. b5
Na5 16. Nxa5 bxa5 17. Qb3 Nf6 18. Bd2 Rc8 19. Qa4 a6 20. bxa6 Bc6 21. Qxa5 Qd7
22. Bf4 g5 23. Bc1 Qa7 24. Bb2 Kh7 25. e5+ Kg7 26. exf6+ Bxf6 27. h3 Qa8 28.
Be2 Bd8 29. Qd2 f6 30. Rec1 Bb6 31. Rc2 Be4 32. Rxc8 Rxc8 33. Rc1 Rd8 34. Qc3
e5 35. dxe5 fxe5 36. Nxe5 Bxf2+ 37. Kxf2 Rf8+ 38. Ke1 Bxg2 39. Nd7+ 1-0

[Event "Stockerau-Open 2010 C-Turnier"]
[Site "Veranstaltungszentrum Z2000 -"]
[Date "2010.05.16"]
[Round "5"]
[White "Engelke, Tobias"]
[Black "De, Leon Angelica"]
[Result "1/2-1/2"]
[WhiteElo "1446"]
[BlackElo "1536"]
[PlyCount "91"]
[EventDate "2010.05.13"]

1. e4 e5 2. Nf3 Nc6 3. Bb5 a6 4. Ba4 Nf6 5. O-O Be7 6. Qe2 b5 7. Bb3 d6 8. c3
Na5 9. Bc2 c5 10. Rd1 Bg4 11. d4 Qc7 12. d5 Nc4 13. h3 Bh5 14. Nbd2 Nxd2 15.
Bxd2 O-O 16. g4 Bg6 17. Nh2 Nxd5 18. g5 Qd7 19. Qf1 Nf4 20. Bxf4 exf4 21. Qg2
f6 22. gxf6 Bxf6 23. Ng4 Be7 24. Ne5 Qe6 25. Nxg6 Qxg6 26. Qxg6 hxg6 27. e5
dxe5 28. Bxg6 Rad8 29. Be4 b4 30. Bd5+ Kh8 31. c4 g5 32. f3 Kg7 33. Rd3 Bf6 34.
Rb3 a5 35. a4 Rfe8 36. Rb1 Rd6 37. Rd3 Red8 38. b3 Be7 39. Rbd1 Rh8 40. Kg2
Rhd8 41. Be4 Rd4 42. Bd5 Re8 43. Be4 Red8 44. Bd5 Kg6 45. Be4+ Kg7 46. Bd5
1/2-1/2

[Event "Stockerau-Open 2010 C-Turnier"]
[Site "Veranstaltungszentrum Z2000 -"]
[Date "2010.05.16"]
[Round "5"]
[White "Nutz, Helmut"]
[Black "Strassmair, Christian"]
[Result "1-0"]
[WhiteElo "1393"]
[BlackElo "1501"]
[PlyCount "97"]
[EventDate "2010.05.13"]

1. d4 d5 2. Nf3 Nf6 3. e3 g6 4. Bd3 Bg7 5. b3 O-O 6. Bb2 Nbd7 7. Nbd2 b6 8. O-O
c5 9. Rc1 Bb7 10. Ba1 e6 11. Re1 Qe7 12. Qe2 Rac8 13. Ba6 Nb8 14. Bxb7 Qxb7 15.
c4 Nbd7 16. Ne5 Nxe5 17. dxe5 Nd7 18. f4 f6 19. exf6 Bxf6 20. Bxf6 Rxf6 21. Rf1
Re8 22. Nf3 h6 23. Ne5 Nxe5 24. fxe5 Rf5 25. Rxf5 exf5 26. Qf3 Rxe5 27. Rd1 Qe7
28. h3 dxc4 29. Qc6 Qe8 30. Qc7 Re7 31. Qd6 Kg7 32. bxc4 Rxe3 33. Qc7+ Re7 34.
Qd6 Re1+ 35. Rxe1 Qxe1+ 36. Kh2 Qe8 37. Qc7+ Qf7 38. Qe5+ Kh7 39. a3 h5 40. Qf4
Kg7 41. Qe5+ Kh7 42. Qf4 Qb7 43. a4 a6 44. Qd6 Qe4 45. Qxb6 Qxc4 46. Qc7+ Kh6
47. a5 Kg5 48. Qd8+ Kf4 49. Qh4+ 1-0

[Event "Stockerau-Open 2010 C-Turnier"]
[Site "Veranstaltungszentrum Z2000 -"]
[Date "2010.05.16"]
[Round "5"]
[White "Girnt, Karoly"]
[Black "Molnar, Bertalan"]
[Result "1-0"]
[WhiteElo "1515"]
[BlackElo "1353"]
[PlyCount "55"]
[EventDate "2010.05.13"]

1. e4 d6 2. Nf3 g6 3. Bc4 Bg7 4. c3 Nf6 5. d3 O-O 6. O-O c6 7. h3 Nbd7 8. Be3
Qc7 9. Qd2 Re8 10. Re1 e5 11. Bh6 Bh8 12. Ng5 Re7 13. Nf3 Nb6 14. Bb3 Be6 15.
Bxe6 Rxe6 16. Na3 Rae8 17. Rad1 d5 18. Nc2 dxe4 19. Ng5 R6e7 20. Nxe4 Nxe4 21.
dxe4 Nc4 22. Qc1 Re6 23. b3 Na5 24. Rd3 Rd8 25. Red1 Rxd3 26. Rxd3 b5 27. Qd2
Re7 28. Rd8+ 1-0

[Event "Stockerau-Open 2010 C-Turnier"]
[Site "Veranstaltungszentrum Z2000 -"]
[Date "2010.05.16"]
[Round "5"]
[White "Gindl, Josef"]
[Black "Schlager, Florian"]
[Result "0-1"]
[WhiteElo "1588"]
[BlackElo "1314"]
[PlyCount "72"]
[EventDate "2010.05.13"]

1. d4 c5 2. Nf3 Nf6 3. Nc3 e6 4. e3 a6 5. Bd3 b5 6. b3 g6 7. O-O Bg7 8. Ne4
Nxe4 9. Bxe4 d5 10. Bd3 c4 11. bxc4 bxc4 12. Be2 O-O 13. Rb1 Nc6 14. c3 e5 15.
Ba3 Re8 16. Qa4 Bd7 17. Qc2 Bf5 18. Qd2 Bxb1 19. Rxb1 e4 20. Ne1 Rb8 21. Rb2
Ne7 22. f3 Nf5 23. f4 Qa5 24. Bb4 Qa4 25. Qc2 Qxc2 26. Nxc2 Bf8 27. Kf2 a5 28.
Ba3 Bxa3 29. Rxb8 Rxb8 30. Nxa3 Rb2 31. g4 Nd6 32. h3 Rxa2 33. Nb1 a4 34. h4
Ra1 35. Nd2 Rc1 36. Kg3 a3 0-1

[Event "Stockerau-Open 2010 C-Turnier"]
[Site "Veranstaltungszentrum Z2000 -"]
[Date "2010.05.16"]
[Round "5"]
[White "Sauer, Thomas"]
[Black "Kuntner, Rudolf"]
[Result "0-1"]
[WhiteElo "1403"]
[BlackElo "1528"]
[PlyCount "86"]
[EventDate "2010.05.13"]

1. e4 c5 2. Nf3 d6 3. Nc3 a6 4. Be2 Nc6 5. O-O Nf6 6. h3 b5 7. d4 cxd4 8. Nxd4
Bb7 9. Bf3 Ne5 10. Re1 e6 11. Bg5 Be7 12. a3 O-O 13. Qd2 Re8 14. Nde2 Nxf3+ 15.
gxf3 d5 16. Rad1 dxe4 17. fxe4 Qxd2 18. Rxd2 Nxe4 19. Nxe4 Bxe4 20. Bxe7 Rxe7
21. Red1 Bf3 22. Kf1 e5 23. Rd8+ Re8 24. R8d7 f5 25. R1d6 f4 26. Ng1 Be4 27. c3
Bc2 28. Rd2 Bb3 29. h4 h6 30. Kg2 Be6 31. R7d6 Bg4 32. f3 Bf5 33. Kf2 Bb1 34.
Nh3 Ba2 35. Rd1 Ra7 36. Rg1 Be6 37. Kg2 Rd7 38. Rgd1 Red8 39. Rxd7 Rxd7 40.
Rxd7 Bxd7 41. Ng1 Kf7 42. Kf2 Kf6 43. Ke2 g5 0-1

[Event "Stockerau-Open 2010 C-Turnier"]
[Site "Veranstaltungszentrum Z2000 -"]
[Date "2010.05.16"]
[Round "5"]
[White "Reiter, Theresia"]
[Black "Wolf, Gerhard"]
[Result "0-1"]
[WhiteElo "1264"]
[BlackElo "1491"]
[PlyCount "80"]
[EventDate "2010.05.13"]

1. e4 c5 2. Nf3 Nc6 3. Nc3 a6 4. Be2 Nd4 5. O-O e6 6. d3 Be7 7. Re1 g5 8. Bf1
g4 9. Nxd4 cxd4 10. Ne2 e5 11. g3 h5 12. c3 h4 13. cxd4 hxg3 14. fxg3 Bb4 15.
Bd2 Qb6 16. a3 Bf8 17. Bc3 Qh6 18. Bg2 b5 19. Rf1 Be7 20. Kf2 Bb7 21. Bd2 Qe6
22. d5 Bc5+ 23. Ke1 Qg6 24. Rh1 f5 25. Nc3 Nf6 26. Qc1 Rc8 27. Be3 Bd4 28. Qd2
Nh5 29. Bxd4 exd4 30. Ne2 Qf6 31. Kf2 fxe4+ 32. Kg1 e3 33. Qe1 Rf8 34. Qf1 Qe5
35. Qe1 Bxd5 36. Bxd5 Qxd5 37. Nf4 Nxf4 38. gxf4 Rxf4 39. Qg3 Rc2 40. Re1 Rff2
0-1

[Event "Stockerau-Open 2010 C-Turnier"]
[Site "Veranstaltungszentrum Z2000 -"]
[Date "2010.05.16"]
[Round "5"]
[White "Froehlich, Karl"]
[Black "Weiss, Arnold"]
[Result "0-1"]
[WhiteElo "1435"]
[BlackElo "1396"]
[PlyCount "68"]
[EventDate "2010.05.13"]

1. e4 e5 2. Bc4 Nf6 3. Nf3 Nc6 4. Ng5 d5 5. exd5 Nxd5 6. Qf3 Qxg5 7. Bxd5 Qf6
8. Bxc6+ Qxc6 9. Qxc6+ bxc6 10. O-O Bc5 11. a3 a5 12. Re1 f6 13. Kf1 O-O 14. d3
Bd4 15. f3 Ba6 16. g3 Rab8 17. Ra2 c5 18. b3 a4 19. b4 c4 20. c3 cxd3 21. Rd2
Ba7 22. Bb2 c5 23. Kg2 c4 24. Rdd1 Rbd8 25. Nd2 Rfe8 26. Re4 f5 27. Ree1 e4 28.
fxe4 fxe4 29. Nxe4 Bb7 30. Kf3 Rd7 31. Kf4 Rf7+ 32. Kg4 Rxe4+ 33. Rxe4 Bxe4 34.
Bc1 Bf3+ 0-1

[Event "Stockerau-Open 2010 C-Turnier"]
[Site "Veranstaltungszentrum Z2000 -"]
[Date "2010.05.16"]
[Round "5"]
[White "Gruberbauer, Richard"]
[Black "Schlager, Friedrich"]
[Result "0-1"]
[WhiteElo "1301"]
[BlackElo "1200"]
[PlyCount "81"]
[EventDate "2010.05.13"]

1. c4 c5 2. Nc3 e6 3. g3 d5 4. Bg2 Nc6 5. d3 Bd6 6. cxd5 exd5 7. Nxd5 h6 8. Nf3
Nf6 9. Qb3 O-O 10. e4 Nd4 11. Qd1 Nxd5 12. exd5 Re8+ 13. Be3 Bg4 14. O-O Nf5
15. Re1 Re5 16. Qd2 Rxd5 17. h3 Bxf3 18. Bxf3 Nxe3 19. Bxd5 Nxd5 20. Kg2 Nf6
21. Re3 h5 22. Rae1 Qd7 23. Qe2 g6 24. Qf3 Kg7 25. b3 Re8 26. Rxe8 Nxe8 27. Qd5
Nf6 28. Qc4 g5 29. f3 g4 30. hxg4 hxg4 31. f4 Qc6+ 32. Kf2 Qf3+ 33. Kg1 Qxg3+
34. Kf1 Qf3+ 35. Kg1 g3 36. Rf1 Qe3+ 37. Kg2 Nh5 38. Rf3 Nxf4+ 39. Kxg3 Nxd3+
40. Kg4 Ne5+ 41. Kh5 0-1